| 000 | 00324nam a22001337a 4500 | ||
|---|---|---|---|
| 020 | _qPB. | ||
| 040 | _cFIZZA ISHAQ | ||
| 082 |
_a910.01 _bJON |
||
| 100 |
_aMURDOCH,JONATHAN. _990706 |
||
| 245 |
_aPOST STRUCTURALIST GEOGRAPHY / _cJONATHAN MURDOCH. |
||
| 260 |
_aNEW DEHLI ; _c2006. |
||
| 300 | _a220 P. ; | ||
| 942 |
_2ddc _cBK |
||
| 999 |
_c588917 _d588917 |
||